00773njm a2200253Ia 450000100060000000300090000600500170001500800410003204000130007304000130008604100130009910000190011210000180013110000370014924500610018625000110024726000090025826000700026730000190033730000310035650000310038750500300041865000710044837605IT-RoPAU20220918181132.0131025s9999 xx 000 0 und d aIT-RoPAU cIT-RoPAU aITALIANO aLasconi Tonino eAutore musica gCodice autore musica SPICS: 4842 akay-Ko, l'amore "giovane" (36 diapositive con cassetta)" a1a ed. aROMA bEDIZIONI PAOLINE FSPc1982 [1a Ed.:1982 - Ed. Lingua Orig.: 1982] aDIAPOMONTAGGIO c16 minuti (Testo: 48 pag.) aDiapomontaggio sonorizzato akay-Ko, l'amore "giovane" aDIDATTICO [DIAPOMONTAGGIO SONORIZZATO]eCodice MATERIA SPICS: 9971